|
|
|
|
| LEADER |
00000nam1a2200000 4500 |
| 001 |
202571 |
| 005 |
20231031185409.0 |
| 010 |
|
|
|a 5247010000
|
| 020 |
|
|
|a RU
|b 91-23300
|
| 035 |
|
|
|a (RuTPU)RU\TPU\book\220734
|
| 090 |
|
|
|a 202571
|
| 100 |
|
|
|a 20111014d1991 m y0rusy5003 ca
|
| 101 |
0 |
|
|a rus
|
| 200 |
1 |
|
|a Экономико-математические методы и моделирование в планировании и управлении горным производством
|e учебник
|f С. С. Резниченко, М. П. Подольский, А. А. Ашихмин
|
| 210 |
|
|
|a Москва
|c Недра
|d 1991
|
| 215 |
|
|
|a 431 с.
|c ил.
|
| 225 |
1 |
|
|a Высшее образование
|
| 320 |
|
|
|a Библиогр.: с. 420-421.
|
| 320 |
|
|
|a Алф.-предм. указ.: с. 422-425.
|
| 610 |
1 |
|
|a горное производство
|
| 610 |
1 |
|
|a планирование
|
| 610 |
1 |
|
|a управление
|
| 610 |
1 |
|
|a моделирование
|
| 610 |
1 |
|
|a экономико-математические методы
|
| 610 |
1 |
|
|a линейное программирование
|
| 610 |
1 |
|
|a применение
|
| 610 |
1 |
|
|a задачи
|
| 610 |
1 |
|
|a решение
|
| 610 |
1 |
|
|a нелинейное программирование
|
| 610 |
1 |
|
|a сетевое планирование
|
| 610 |
1 |
|
|a массовое обслуживание
|
| 610 |
1 |
|
|a аналитические модели
|
| 610 |
1 |
|
|a принятие решений
|
| 610 |
1 |
|
|a теория
|
| 610 |
1 |
|
|a учебники
|
| 675 |
|
|
|a 622.12:658
|v 3
|
| 700 |
|
1 |
|a Резниченко
|b С. С.
|g Семен Саулович
|4 070
|
| 701 |
|
1 |
|a Подольский
|b М. П.
|g Михаил Петрович
|
| 701 |
|
1 |
|a Ашихмин
|b А. А.
|g Алексей Анатольевич
|
| 801 |
|
0 |
|a RU
|b RuMRKP
|c 19950417
|g psbo
|
| 801 |
|
1 |
|a RU
|b 63413507
|c 20111014
|
| 801 |
|
2 |
|a RU
|b 63413507
|c 20111021
|g RCR
|
| 942 |
|
|
|c BK
|